000 00850nas a2200277 4500
001 BR2011006458
003 BR-BrBNA
005 20231205115222.0
007 ta
008 230509b bl.|||p| |||| 00| 00por d
040 _aBR-BrBNA
_bpor
_cBiblioteca Nacional de Agricultura
041 _a(En)
072 _aL40
100 1 _aConceição, L.F. de
100 1 _aRibeiro, A.P.
100 1 _aTorres, M.L.M.
100 1 _aLourenço, M.L.G.
100 1 _aLaus, J.L.
245 1 _aEvaluation of tear production with modified Schirmer tear test-1 during the neonatal period in cats
650 _aGATO
650 _aOLHO
650 _aANATOMIA ANIMAL
773 0 _tPesquisa Veterinária Brasileira (Brazil)
_xISSN 0100-736X
_g(Apr 2011), v. 31(4) p. 350-354
_wBR2011006458
909 _a202311
_bLúcia
_c55
_dLúcia Elande
942 _2AGRIS
_n0
_cANA
999 _c212672
_d212672